000 01802nam a2200337Ia 4500
999 _c49603
_d49603
001 16535
003 GE_BSU
005 20241017113925.0
008 181216s2010||||ge |||||||||||||| ||geo||
020 _a9789941906442
040 _cGE_BSU
041 _ageo
080 _a616.31-089 ქ-54
100 _aრობუსტოვა, ტ.
_923418
245 _aქირურგიული სტომატოლოგია :
_bსახელმძღვ. სამედ. სპეც. სტუდ. /
_c[ავტ. კოლ.: ტ. რობუსტოვა, ვ. აფანასიევი, ე. ბაზიკიანი [და სხვ.]] ; ტ.გ. რობუსტოვას რედ.
250 _a[I-ლი გამოც.]
264 _aთბილისი :
_bმთაწმინდელი,
_c2010.
300 _a535 გვ. :
_bსურ. + 2 ჩართ. ფ. სურ. ;
_c21სმ.
490 _aსამედიცინო ლიტერატურა
541 _h25ლ.
653 _aქირურგიული სტომატოლოგია
700 _aაფანასიევი, ვლ.
_eავტორი
_923419
700 _aბაზიკიანი, ე.
_eავტორი
_923420
700 _aბიბერმანი, ი.
_eავტორი
_923421
700 _aგუბაიდულინა, ე.
_eავტორი
_923422
700 _aსტაროდუბცევი, ვლ.
_eავტორი
_923423
700 _aუშაკოვი, ა.
_eავტორი
_q
_923424
700 _aრობუსტოვა, ტ.გ.
_eრედაქტორი
_923425
700 _aეფრემიძე, დავით
_eგამომცემელი
_916487
942 _cBK
_2udc